10 Najwyższych Wodospadów Na Świecie - Statystyki

Ogólne statystyki
  • Ten quiz został rozwiązany 22 razy
  • Średni wynik to 1 z 10
Statystyki odpowiedzi
Hint Odpowiedź % Poprawnych
wys.979 m , Wenezuela Salto Angel
100%
wys.948m, RPA Tugela
11%
wys.860 m, Norwegia Vinnufossen
5%
wys.850 m,Norwegia Balaifossen
0%
wys.836m,Nowa Zelandia Browne Falls
0%
wys.914, Peru Cataratas las Tres Hermanas
0%
wys.896m , Peru Catarata Y Umbilla
0%
wys.840m, Kanada James Bruce Falls
0%
wys900 m USA Olo'upena
0%
wys.840m, USA Pu'uka'oku
0%
Nie znaleziono quizów pasujących do podanych kryteriów
Rozkład punktacji
Procent ludzi z każdym wynikiem
Percentyl według liczby udzielonych odpowiedzi
Twoja historia wyników
Nie rozwiązałeś tego quizu